Logo BPK

Biblioteka

Politechniki Koszalińskiej

Software development with reusable requirements-based cases / (Rekord nr 55067)

Szczegóły MARC
000 -ETYKIETA REKORDU
podpole kontrolne o stałej długości 00854nam a2200241 i 4500
001 - NUMER KONTROLNY REKORDU
pole kontrolne bg
022 ## - MIĘDZYNARODOWY ZNORMALIZOWANY NUMER WYDAWNICTW CIĄGŁYCH - ISSN
ISSN 01372319
040 ## - ŹRÓDŁO KATALOGOWANIA
Instytucja, która utworzyła rekord BPK
041 0# - KOD JĘZYKA
Kod języka tekstu eng
Kod języka streszczenia lub abstraktu pol
044 ## - KOD KRAJU WYDAWCY/PRODUCENTA
Kod kraju wydawcy/producenta POL
080 ## - UNIWERSALNA KLASYFIKACJA DZIESIĘTNA - UKD
UKD 004.41
008 - POLE O STAŁEJ DŁUGOŚCI - DANE KONTROLNE
podpole kontrolne o stałej długości s pl f |000 0 pol
100 1# - NAZWA OSOBOWA
Nazwa osobowa Śmiałek, Michał.
245 0# - TYTUŁ/ODPOWIEDZIALNOŚĆ
Tytuł Software development with reusable requirements-based cases /
Pozostałe elementy strefy tytułu i oznaczenia odpowiedzialności Michał Śmiałek.
260 ## - STREFA ADRESU WYDAWNICZEGO
Miejsce wydania Warszawa :
Nazwa wydawcy/dystrybutora Oficyna Wydawnicza Politechniki Warszawskiej,
Data publikacji, dystrybucji/powstania dokumentu 2007.
300 ## - STREFA OPISU FIZYCZNEGO
Objętość 147 s. :
Inne cechy fizyczne rys. ;
Rozmiary 24 cm.
490 ## - STREFA SERII I DOKUMENTU WIELOCZĘŚCIOWEGO - FORMA NIE DO WYSZUKIWANIA
Tytuł i oznaczenie odpowiedzialności serii Prace Naukowe / Politechnika Warszawska. Elektryka,
ISSN 0137-2319 ;
Numeracja w obrębie serii z. 135
500 ## - UWAGI OGÓLNE
Tekst uwagi Opis wg okł. Tyt. nagł. serii : Prace Naukowe Politechniki Warszawskiej.
546 ## - UWAGA O JĘZYKU
Uwaga o języku Streszcz. pol.
650 #9 - HASŁO PRZEDMIOTOWE W FORMIE NAZWY OGÓLNEJ LUB JEDNOSTKOWEJ
Nazwa ogólna lub geograficzna Programowanie (informat.)
830 #0 - HASŁO DODATKOWE SERII LUB DOKUMENTU WIELOCZĘŚCIOWEGO - TYTUŁ UJEDNOLICONY
Tytuł ujednolicony Prace Naukowe - Politechnika Warszawska.
Nazwa części/sekcji dzieła Elektryka,
-- 0137-2319 ;
Oznaczenie tomu z. 135
856 ## - LOKALIZACJA I DOSTĘP DO ELEKTRONICZNYCH DOKUMENTÓW ZDALNYCH
Link (URL) http://koha.tu.koszalin.pl/cgi-bin/koha/opac-detail.pl?biblionumber=55067
Tekst linku Katalog online BPK
942 ## - DODATKOWE ELEMENTY (KOHA)
Typ dokumentu Książka
Egzemplarze
Wycofany Status egzemplarza Uszkodzony Dostępność Lokalizacja stała Lokalizacja bieżąca Miejsce przechowywania Sygnatura Kod kreskowy Typ dokumentu
      Dostępny Biblioteka Politechniki Koszalińskiej Biblioteka Politechniki Koszalińskiej Wypożyczalnia BG 87628 02427539 Książka
© 2023 Biblioteka Politechniki Koszalińskiej :: KOHA